/تاريخ القران (Record no. 14423)
[ view plain ]
| 000 -الفاتح | |
|---|---|
| حقل البيانات ثابتة الطول | 01196nam a22002537a 4500 |
| 008 - عناصر البيانات ثابتة الطول - معلومات عامة | |
| حقل البيانات ثابتة الطول | 100707t ua|||||r|||| 001 0 ara d |
| 082 ## - رقم تصنيف ديوى العشرى | |
| رقم الطبعة | 22 |
| رقم التصنيف | 220.9 |
| رقم المادة | ن و ل |
| 100 ## - المدخل الرئيسى - إسم شخصى | |
| 9 (RLIN) | 16013 |
| الإسم الشخصى | نولدكه، تيودور |
| 245 ## - بيان العنوان | |
| العنوان | /تاريخ القران |
| بيان المسئوليه,etc | تأليف تيودور نولدكه ؛ تعديل فريديريش شفالي |
| 260 ## - PUBLICATION, DISTRIBUTION, ETC. (IMPRINT) | |
| مكان الناشر او الموزع | بيروت |
| اسم الناشر او الموزع | 2000، مؤسسة كونراد- ادناور |
| تاريخ النشر أو التوزيع | 2000 |
| 300 ## - الوصف المادى | |
| التعداد | 840 ص ; |
| أبعاد الوعاء | 22 سم |
| 500 ## - تبصرة عامة | |
| تبصرة عامة | يشتمل على كشافات |
| 541 ## - تبصرة المصدر المباشر للتزويد | |
| مصدر التزويد | ألف باء ؛ |
| طريقة التزويد | شراء ؛ |
| 650 ## - المدخل الاضافى بالموضوع-مصطلح موضوعى | |
| 9 (RLIN) | 16017 |
| مصطلح موضوعي أو اسم جغرافي كعنصر مدخل | القرآن |
| التقسيم الفرعي العام | تاريخ |
| 650 ## - المدخل الاضافى بالموضوع-مصطلح موضوعى | |
| 9 (RLIN) | 16157 |
| مصطلح موضوعي أو اسم جغرافي كعنصر مدخل | القرآن، ترجمة |
| 650 ## - المدخل الاضافى بالموضوع-مصطلح موضوعى | |
| 9 (RLIN) | 16158 |
| مصطلح موضوعي أو اسم جغرافي كعنصر مدخل | القرآن، جمع وتدوين |
| 650 ## - المدخل الاضافى بالموضوع-مصطلح موضوعى | |
| 9 (RLIN) | 16159 |
| مصطلح موضوعي أو اسم جغرافي كعنصر مدخل | القرآن، سور وآيات |
| 650 ## - المدخل الاضافى بالموضوع-مصطلح موضوعى | |
| 9 (RLIN) | 16160 |
| مصطلح موضوعي أو اسم جغرافي كعنصر مدخل | المصاحف، رسم |
| 650 ## - المدخل الاضافى بالموضوع-مصطلح موضوعى | |
| 9 (RLIN) | 16161 |
| مصطلح موضوعي أو اسم جغرافي كعنصر مدخل | المصاحف (النصوص) |
| 700 ## - المدخل الاضافى - اسم شخصى | |
| 9 (RLIN) | 16018 |
| الإسم الشخصى | شفالي، فريدريش |
| الدور | تعديل |
| 700 ## - المدخل الاضافى - اسم شخصى | |
| 9 (RLIN) | 16020 |
| الإسم الشخصى | تامر، جورج |
| الدور | نقله الى العربية |
| 942 ## - عناصر المدخل الإضافي( كوها) | |
| مصدر التصنيف او مخطط الترفيف | Dewey Decimal Classification |
| Koha [default] item type | Book - Borrowing |
| حالة التراجع | حالة الفقد | مصدر التصنيف او خطة الترفيف | حالة تلف | ليس للاعارة | مجموعات كوها | المكان الدائم | المكان الحالي | موقع الترفيف | تاريخ الاكتساب | Source of acquisition | رقم الاستدعاء | الباركود | Date last seen | مُعار | نوع الوعاء |
|---|---|---|---|---|---|---|---|---|---|---|---|---|---|---|---|
| Dewey Decimal Classification | Alef-Baa | Central Library | Central Library | Lower Floor | 07/07/2010 | 220.9 نول | 000025025 | 15/07/2025 | 28/02/2017 | Book - Borrowing |